| 000 | 00802nam a2200241Ia 4500 | ||
|---|---|---|---|
| 003 | OSt | ||
| 005 | 20220916110913.0 | ||
| 006 | a|||||r|||| 00| 0 | ||
| 007 | ta | ||
| 008 | 220915b |||||||| |||| 00| 0 hin d | ||
| 024 | _a207822 | ||
| 037 | _cTextbook | ||
| 040 |
_bhin _aARTS _cARTS |
||
| 041 | _ahin | ||
| 082 | _aP152:3v, L9 | ||
| 100 | _aजायसवाल, माताबदल | ||
| 245 | 0 | _aमानक हिन्दी का ऐतिहाकसक व्याकरण | |
| 246 | _aMānak hindī kā aitihākasak vyākaraṇa | ||
| 260 |
_aइलाहाबाद _bमहामति प्रका0 _c1979 |
||
| 300 |
_a760पृ0 _ccm. |
||
| 942 |
_hP152:3v, L9 _cTB _2CC |
||
| 999 |
_c100914 _d100914 |
||